| 000 | 01761nab a2200253 i 4500 | ||
|---|---|---|---|
| 001 | 768714001 | ||
| 003 | CO-MdFUSB | ||
| 005 | 20240618153615.0 | ||
| 008 | 240618t1990 us ||||| |||| 00| 0 eng d | ||
| 040 |
_bspa _cCO-MdFUSB _dCO-MdFUSB |
||
| 041 | _aeng | ||
| 100 |
_aWilson, Samuel, _d1911-1993 _eautor |
||
| 245 | 1 |
_aOpportunities and Obstacles to Joint Missionary Witness _c/ Samuel Wilson |
|
| 520 | _aUna evaluación práctica y evangélica de las posibilidades de un testimonio conjunto debe contemplar las realidades históricas del separatismo y las oportunidades y convergencias actuales en el testimonio del evangelio. El fin del milenio, la fertilización cruzada de las tradiciones en los años ochenta y las clamorosas necesidades humanas abren oportunidades que es necesario aprovechar. La disciplina del discipulado bíblico es fundamental para edificar un testimonio conjunto. Es necesario definir el testimonio a partir de la unicidad de Cristo, y esto requiere abordar los temas del universalismo y el diálogo. El envío de misiones al Tercer Mundo y el acceso restringido piden soluciones conjuntas de testimonio. La complejidad y la pobreza de los entornos urbanos, la juventud de las poblaciones del mundo y la multiplicidad de formas organizativas son a la vez ventajosas y desventajosas. | ||
| 546 | _aTexto en inglés. | ||
| 650 | 0 |
_aMisiones extranjeras _9934 |
|
| 650 | 7 |
_aTrinidad _9177 |
|
| 650 | 7 |
_aCristianismo y cultura _96959 |
|
| 650 | 7 |
_aTeología dogmática _96937 |
|
| 650 | 0 |
_aEvangelización _9362 |
|
| 773 | 0 |
_049486 _982781 _d Pasadena _oR2656 _tMissiology: _w(CO-MdFUSB)97 _gVolumen 18, (número 4, 1990) páginas: 449 - 462 _qpágina: 449 |
|
| 942 | _cANA | ||
| 945 | _aCatherine Arias Álvarez - Practicante SENA | ||
| 999 |
_c70267 _d70267 |
||